Countries bordering Egypt with flags - Statistics

General Stats
  • This quiz has been taken 25 times
  • The average score is 4 of 5
Answer Stats
Picture Answer % Correct
Israel
100%
Saudi Arabia
100%
Sudan
95%
Libya
84%
Jordan
68%
No matching quizzes found
Score Distribution
Percent of People with Each Score
Percentile by Number Answered
Your Score History
You have not taken this quiz